000 00252nam a2200097Ia 4500
001 640745
005 20250826153453.0
008 250824s9999 xx 000 0 und d
245 0 _aHZ MUHAMMEDİN YAŞAM ÖYKÜSÜ
_cFATİH OKUMUŞ
260 _bGENÇ TİMAŞ
999 _c640745
_d640745